Melbourne A-Z - Statistics

General Stats
  • This quiz has been taken 324 times
  • The average score is 17 of 24
Answer Stats
Letter Hint Answer % Correct
Y River that flows through Melbourne Yarra River
96%
L Theme park in St Kilda Luna Park
93%
V State that Melbourne is the Capital of Victoria
93%
M Large famous stadium in (R) Melbourne Cricket Ground
90%
R AFL team Tigers' home Richmond
89%
Q Famous market in Melbourne (hint: named after royalty) Queen Victoria Market
88%
C Large casino along the (Y) River Crown
87%
E Tower with a large red strip near the top and famous for its skydeck Eureka tower
87%
P Bay that Melbourne lays near Port Phillip Bay
85%
F Square home to ACMI, SBS, and a 7eleven Federation Square
83%
S Science museum Scienceworks
82%
D Suburb home to the Melbourne star Docklands
81%
K One of the Minogues, grew up in Melbourne Kylie
80%
G Old Melbourne ---- Gaol
79%
N TV show set in Melbourne Neighbours
79%
J Singer of Riptide, Vance --- Joy
74%
O Japanese sister city Osaka
73%
H Graffiti lane Hosier Lane
59%
B American sister city Boston
57%
A Suburb in greater melbourne with a convent Abbotsford
50%
I There's a museum about it here Immigration
49%
T Chinese sister city Tianjin
31%
U Melbourne has 12 of these Universities
27%
W postcode: 3027 Williams Landing
22%
No matching quizzes found
Score Distribution
Percent of People with Each Score
Percentile by Number Answered
Your Score History
You have not taken this quiz